000 00425nam a2200157 i 4500
001 27996
003 ES-MaACL
005 20230906153737.0
007 t|
008 030116s1967 sp ||||1| spa d
100 1 _aArbulu Benito, Victorio.
_922425
245 1 0 _aLlamada a la Tierra /
_cVictorio Arbulu Benito.
260 _aLogroƱo :
_bOchoa,
_c1967.
300 _a346 p. ;
_c19 cm.
852 _aES-MaACL
_jC-32636
_bR.63426
999 _c27996
_d27996